000 00429nam a22001337a 4500
003 SISC
005 20160118151725.0
008 160118b xxu||||| |||| 00| 0 eng d
050 _aPHS M562 2015 #58
100 _aMerino, Andrei Kenneth Dominic T.
245 _aCoping Mechanism of Physically and Emotionally Abused Children and Their Social Environment
_cAndrei Kenneth Dominic T. Merino
300 _a58 p.
942 _2lcc
_cBK
999 _c290431
_d290431